000 00807nab a2200253 u 4500
001 10691
003 HDC
007 cr bn ---aaaaa
008 210205c20130517my dr|nes 0 a may d
040 _aHDC
245 0 _aPKS Malaysia tabah dalam perniagaan - kajian Regus
260 _aKuala Lumpur :
_bMedia Mulia Sdn. Bhd.,
_c2013
336 _atext
_2rdacontent
337 _acomputer
_2rdamedia
338 _aonline resource
_2rdacarrier
650 _aEntrepreneur
_91863
650 _aRetail
_97132
650 _aSmall business
_9208
710 _aUtusan Malaysia
856 _zRequest full-text at [email protected]
942 _2lcc
942 _cNEWS
942 _kNWSC 003908
999 _c8014
_d8014